Daily Capital City Riddle #4 - Statistics

General Stats
  • This quiz has been taken 110 times
  • The average score is 34 of 39
Answer Stats
Type Answer % Correct
Found Letter A
100%
Found Letter N
100%
Alphabet Letter L
99%
Found Letter R
99%
Alphabet Letter D
98%
Found Letter E
98%
Found Letter I
98%
Found Letter O
98%
Alphabet Letter S
98%
Found Letter T
97%
Found Letter C
96%
Alphabet Letter M
96%
Alphabet Letter B
95%
Found Letter U
95%
Alphabet Letter W
94%
Alphabet Letter G
92%
Alphabet Letter H
91%
Correctly Placed Letter O
91%
Found Letter P
91%
Alphabet Letter Y
89%
Correctly Placed Letter R
88%
Alphabet Letter J
86%
Alphabet Letter K
86%
Alphabet Letter V
86%
Correctly Placed Letter A
85%
Correctly Placed Letter T
85%
Correctly Placed Letter N
84%
Correctly Placed Letter P
84%
Alphabet Letter X
81%
Alphabet Letter Z
81%
Alphabet Letter F
80%
Correctly Placed Letter E
77%
Alphabet Letter Q
76%
Correctly Placed Letter I
75%
Correctly Placed Letter R
75%
Correctly Placed Letter U
75%
Correctly Placed Letter C
74%
Correctly Placed Letter P
74%
Mystery Capital Port-au-Prince
74%
No matching quizzes found
Score Distribution
Percent of People with Each Score
Percentile by Number Answered
Your Score History
You have not taken this quiz